[Event "Dresden ZMD op 22nd"]
[Site "Dresden"]
[Date "2013.08.17"]
[Round "8"]
[White "Boettger, Lukas"]
[Black "Guennigmann, Manuel"]
[Result "1-0"]
[WhiteElo "2240"]
[BlackElo "2140"]
[PlyCount "115"]
[EventDate "2013.08.10"]
[EventType "swiss"]
[EventRounds "9"]
[EventCountry "GER"]
[SourceTitle "CBM 155 Extra"]
[Source "ChessBase"]
[SourceDate "2013.08.26"]
[SourceVersion "1"]
[SourceVersionDate "2013.08.26"]
[SourceQuality "1"]

1. d4 Nf6 2. c4 c5 3. d5 e5 4. Nc3 d6 5. e4 Be7 6. g3 0-0 7. Bg2 Nbd7 8. Nge2 a6 9. 0-0 Ne8 10. Be3 g6 11. Qd2 Ng7 12. Nc1 b5 13. b3 Nb6 14. a4 b4 15. N3e2 f5 16. Nd3 fxe4 17. Bxe4 Bh3 18. Bg2 Bxg2 19. Kxg2 Nd7 20. f4 Bf6 21. Rae1 Qe7 22. fxe5 Nxe5 23. Bh6 Nxd3 24. Qxd3 Rae8 25. Qb1 Qe4+ 26. Qxe4 Rxe4 27. Bxg7 Bxg7 28. Nf4 Rfe8 29. Ne6 Rxe1 30. Rxe1 a5 31. Rf1 Bc3 32. g4 Be5 33. h4 Bc3 34. Kh3 Be5 35. Rf3 Rc8 36. h5 gxh5 37. g5 Re8 38. Kh4 Rc8 39. Kxh5 Re8 40. g6 hxg6+ 41. Kxg6 Bc3 42. Rf7 Be5 43. Ra7 Kh8 44. Rh7+ Kg8 45. Rd7 Ra8 46. Rd8+ Rxd8 47. Nxd8 Kf8 48. Nc6 Bg3 49. Kf6 Ke8 50. Ke6 Bf4 51. Nxa5 Kd8 52. Nc6+ Kc7 53. a5 Kb7 54. Kd7 Ka6 55. Nd8 Kxa5 56. Nb7+ Kb6 57. Nxd6 Bg3 58. Nb5 1-0

[Event "Dresden ZMD op 22nd"]
[Site "Dresden"]
[Date "2013.08.13"]
[Round "4"]
[White "Wichmann, Cliff"]
[Black "Guennigmann, Manuel"]
[Result "1/2-1/2"]
[WhiteElo "2360"]
[BlackElo "2140"]
[PlyCount "89"]
[EventDate "2013.08.10"]
[EventType "swiss"]
[EventRounds "9"]
[EventCountry "GER"]
[SourceTitle "CBM 155 Extra"]
[Source "ChessBase"]
[SourceDate "2013.08.26"]
[SourceVersion "1"]
[SourceVersionDate "2013.08.26"]
[SourceQuality "1"]

1. d4 Nf6 2. c4 g6 3. Nc3 d5 4. Nf3 Bg7 5. Bf4 0-0 6. e3 c5 7. dxc5 Qa5 8. Rc1 dxc4 9. Bxc4 Qxc5 10. Bb3 Nc6 11. 0-0 Qa5 12. Qe2 Nh5 13. Nd5 Nxf4 14. exf4 Bg4 15. Nxe7+ Nxe7 16. Qxe7 Bxf3 17. gxf3 Qf5 18. Qe4 Qxe4 19. fxe4 Rae8 20. Bd5 Re7 21. Rc4 Bh6 22. f5 gxf5 23. exf5 Rd7 24. Bf3 Bg7 25. Rb4 b6 26. b3 Rd4 27. Rxd4 Bxd4 28. Rd1 Rd8 29. Kg2 Kg7 30. Be4 Kf6 31. f4 Rg8+ 32. Kf3 Bc5 33. Rd7 a5 34. Bd5 Rf8 35. Rc7 Kxf5 36. Be4+ Kf6 37. Rc6+ Kg7 38. f5 f6 39. Bd5 Re8 40. Be6 Rd8 41. Rc7+ Kh6 42. Rf7 Rd3+ 43. Ke4 Rd4+ 44. Kf3 Rd3+ 45. Ke4 1/2-1/2

[Event "Oberliga Nord W 1213"]
[Site "Germany"]
[Date "2013.02.24"]
[Round "7.1"]
[White "Bode, Wilfried"]
[Black "Guennigmann, Manuel"]
[Result "1-0"]
[WhiteElo "2346"]
[BlackElo "2147"]
[PlyCount "105"]
[EventDate "2012.10.14"]
[EventType "team-tourn"]
[EventRounds "9"]
[EventCountry "GER"]
[SourceTitle "EXT 2014"]
[Source "ChessBase"]
[SourceDate "2013.11.20"]
[SourceVersion "1"]
[SourceVersionDate "2013.11.20"]
[SourceQuality "1"]
[WhiteTeam "Hameln"]
[BlackTeam "Stade"]
[WhiteTeamCountry "GER"]
[BlackTeamCountry "GER"]

1. e4 c5 2. Nf3 Nc6 3. Bb5 g6 4. Bxc6 dxc6 5. d3 Bg7 6. h3 Nf6 7. Nc3 Nd7 8. 0-0 e5 9. Be3 Qe7 10. a3 h6 11. Nd2 0-0 12. Nc4 Nb6 13. Na5 Be6 14. Qd2 Kh7 15. b4 cxb4 16. axb4 Qxb4 17. Rfb1 Qe7 18. Na4 Nxa4 19. Rxb7 Qd6 20. Rxa4 Rfb8 21. Qb4 Qxb4 22. Raxb4 Rc8 23. Rxa7 c5 24. Rbb7 Rxa7 25. Rxa7 c4 26. dxc4 Bxc4 27. Nxc4 Rxc4 28. Rxf7 g5 29. g3 Rxc2 30. Kg2 Kg6 31. Rd7 Rc4 32. Kf3 Rc2 33. Rd5 Rb2 34. Rd6+ Kf7 35. Kg4 Bf8 36. Rc6 Rb7 37. Kf5 Bg7 38. Bb6 Kg8 39. Bc5 Kh7 40. Ke6 Rb2 41. Be3 Rb3 42. Kf5 Rb7 43. Re6 Rf7+ 44. Kg4 Rb7 45. Ra6 Rb3 46. Kf5 Rb4 47. Ra7 Rc4 48. h4 Kg8 49. hxg5 hxg5 50. Kg6 Rc6+ 51. Kf5 Rc2 52. Kxg5 Rc4 53. Kf5 1-0

[Event "Oberliga Nord W 1213"]
[Site "Germany"]
[Date "2013.02.03"]
[Round "6.1"]
[White "Guennigmann, Manuel"]
[Black "Borik, Otto"]
[Result "0-1"]
[WhiteElo "2147"]
[BlackElo "2407"]
[PlyCount "84"]
[EventDate "2012.10.14"]
[EventType "team-tourn"]
[EventRounds "9"]
[EventCountry "GER"]
[SourceTitle "EXT 2014"]
[Source "ChessBase"]
[SourceDate "2013.11.20"]
[SourceVersion "1"]
[SourceVersionDate "2013.11.20"]
[SourceQuality "1"]
[WhiteTeam "Stade"]
[BlackTeam "Bremer SG"]
[WhiteTeamCountry "GER"]
[BlackTeamCountry "GER"]

1. e4 e6 2. d4 d5 3. Nc3 Nf6 4. e5 Nfd7 5. Nf3 c5 6. dxc5 Bxc5 7. Bd3 Nc6 8. Bf4 h6 9. Bg3 a6 10. 0-0 g5 11. h3 h5 12. Re1 g4 13. hxg4 hxg4 14. Nh2 Qg5 15. Qc1 Rh5 16. Qxg5 Rxg5 17. Bf4 Rg8 18. g3 Bd4 19. Rad1 Bxe5 20. Bxe5 Ndxe5 21. Bf1 Bd7 22. Na4 0-0-0 23. Nc5 Rg5 24. Bg2 Rh8 25. Nxd7 Kxd7 26. Re3 Kc7 27. c3 Rgh5 28. Nf1 Nc4 29. Re2 N6e5 30. Ne3 Nf3+ 31. Kf1 Nce5 32. Rc2 f5 33. Ke2 Rh2 34. b3 Kd6 35. a4 Ke7 36. a5 Rd8 37. Bf1 d4 38. cxd4 Nxd4+ 39. Rxd4 Rxd4 40. Rc7+ Rd7 41. Rxd7+ Kxd7 42. Bg2 Kc7 0-1

[Event "Oberliga Nord W 1213"]
[Site "Germany"]
[Date "2013.01.13"]
[Round "5.1"]
[White "Braun, Vitali"]
[Black "Guennigmann, Manuel"]
[Result "1-0"]
[WhiteElo "2402"]
[BlackElo "2147"]
[PlyCount "125"]
[EventDate "2012.10.14"]
[EventType "team-tourn"]
[EventRounds "9"]
[EventCountry "GER"]
[SourceTitle "EXT 2014"]
[Source "ChessBase"]
[SourceDate "2013.11.20"]
[SourceVersion "1"]
[SourceVersionDate "2013.11.20"]
[SourceQuality "1"]
[WhiteTeam "Braunschweig Gliesmarode"]
[BlackTeam "Stade"]
[WhiteTeamCountry "GER"]
[BlackTeamCountry "GER"]

1. d4 Nf6 2. c4 d6 3. Nc3 Nbd7 4. Nf3 e5 5. e4 Be7 6. Be2 0-0 7. 0-0 c6 8. Rb1 Re8 9. Qc2 Bf8 10. d5 cxd5 11. cxd5 a6 12. a4 a5 13. Nd2 Nc5 14. Bb5 Bd7 15. f3 Bxb5 16. Nxb5 Nfd7 17. Nc4 Nb6 18. Nxb6 Qxb6 19. Be3 Rec8 20. Rfc1 Qd8 21. Qd1 b6 22. Rc4 Be7 23. b4 axb4 24. Rcxb4 Ra6 25. Nc3 Rca8 26. Qe2 h6 27. Qc4 Bg5 28. Qe2 Bxe3+ 29. Qxe3 Qc7 30. h3 Kh7 31. Kh2 Kg8 32. Qe2 Nxa4 33. Nxa4 Rxa4 34. Rxb6 Ra2 35. R6b2 Rxb2 36. Qxb2 Rc8 37. Qf2 Kf8 38. Rb6 Qc5 39. Qxc5 dxc5 40. Kg1 c4 41. Kf1 c3 42. Rb1 f5 43. exf5 Ke7 44. Ke2 Kd6 45. Kd3 Kxd5 46. Rb5+ Kd6 47. Kc2 h5 48. Rb7 e4 49. fxe4 Ke5 50. Rxg7 Kxe4 51. g4 hxg4 52. hxg4 Ke5 53. Rg6 Rc4 54. f6 Rf4 55. g5 Rf3 56. Rg7 Ke6 57. Rc7 Kf5 58. Rg7 Ke6 59. Kb3 Kd6 60. f7 Ke7 61. g6 Ke6 62. Rg8 Ke7 63. Re8+ 1-0